000
00318nam a2200133Ia 4500
008
260604s9999 xx 000 0 und d
020
_a
9781641725230
082
_a
658.409 KIN
100
_a
Ben kinkaid
_9
35735
245
0
_a
Essentials of Leadership
260
_b
Larsen & Keller
500
_a
Leadership
942
_c
BK
999
_c
8561
_d
8561